000 00451nam a2200121Ia 4500
008 220615s9999||||xx |||||||||||||| ||und||
245 4 _aThe Holocaust in Three Generations
_bFamilies of Victims and Perpetrators of the Nazi Regime
546 _aEnglish[eng]
650 _aPolitical Science||Genocide & War Crimes
700 _aRosenthal, Gabriele
856 _uhttps://library.oapen.org/bitstream/20.500.12657/53496/1/external_content.pdf
942 _cEB
999 _c17713
_d17713